Las olas /
Guardado en:
| Autor Principal: | |
|---|---|
| Otros Autores: | |
| Formato: | Libro |
| Idioma: | Undetermined |
| Publicado: |
Buenos Aires :
Orbis,
1983.
|
| Edición: | 1a ed. |
| Series: | Historia Universal de la Literatura ;
282 |
| Materias: | |
| Etiquetas: |
Agregar Etiqueta
Sin Etiquetas, Sea el primero en etiquetar este registro!
|
| LEADER | 00686nam a22002295a 4500 | ||
|---|---|---|---|
| 001 | CEM.cems024432 | ||
| 008 | 241218s1983####ag############000#0#und#d | ||
| 005 | 20241218172654.0 | ||
| 245 | 1 | 0 | |a Las olas / |c Virginia Woolf. |
| 250 | |a 1a ed. | ||
| 260 | |a Buenos Aires : |b Orbis, |c 1983. | ||
| 300 | |a 205 p. | ||
| 490 | 1 | |a Historia Universal de la Literatura ; |v 282 | |
| 500 | |a Título original: The waves. | ||
| 020 | |a 9506140286 | ||
| 100 | 1 | |a Woolf, Virginia. | |
| 700 | 1 | |a Bosch, Andrés; trad. | |
| 653 | |a Literatura británica | ||
| 653 | |a Novela británica | ||
| 653 | |a Literatura inglesa | ||
| 653 | |a Novela inglesa | ||
| 859 | |a CEMS |b BIB. CEMS - 11 de abril |h 823.9 |i W883 |p 29702.24 |t Ej.1 | ||
